000 00486nam a2200181Ia 4500
001 13541
005 20260306164808.0
008 260306t1996||||xx |||||||||||||| ||spa||
041 _aESP
082 _a004.6
_bS743
100 _aSheldon, Tom (coord.)
_eAUT
245 0 _aGuia LAN times de interoperabilidad:
_bsoluciones para la interconectividad en red
260 _c1996
300 _axxx, 424 páginas :
_c24 cm.
650 _aGEN
654 _aCCC
942 _cLIB
_dJUS
_fJUS
_2ddc
_n
999 _c13541
_d13541